[Event "Challenge"]
[Site "http://www.queenalice.com/game.php?id=833873"]
[Date "2010.9.17"]
[Round "-"]
[White "harturm"]
[Black "thiagonsmelo"]
[Result "1-0"]
[WhiteElo "1028"]
[BlackElo "1157"]

1. e4 h5 2. Qf3 g6 3. Bc4 f6 4. e5 f5 5. Nh3 Bg7 6. Ng5 e6 7. h4 d5 8. Be2 Bxe5
9. Qe3 Nh6 10. Qxe5 O-O 11. d4 Qd6 12. Nc3 Nc6 13. Qg3 Nxd4 14. Bd3 Qxg3 15.
fxg3 Ng4 16. O-O c6 17. Bf4 b5 18. Ne2 Nxe2+ 19. Bxe2 d4 20. Bd6 Ne3 21. Rf4
Nxc2 22. Rc1 Nb4 23. Rxd4 Nxa2 24. Rxc6 Bb7 25. Rc7 Rfb8 26. Nxe6 Bc8 27. Rg7+
Kh8 28. Bb4 Bxe6 29. Re7 Rb6 30. Bc5 Ra6 31. Rd6 Bc8 32. Rd8# 1-0

[Event "Challenge"]
[Site "http://www.queenalice.com/game.php?id=834595"]
[Date "2010.9.18"]
[Round "-"]
[White "harturm"]
[Black "Diogolopes"]
[Result "0-1"]
[WhiteElo "1233"]
[BlackElo "1144"]

1. e4 Nf6 2. Nc3 c6 3. e5 Nd5 4. Nh3 b5 5. Qf3 b4 6. Na4 a5 7. Ng5 f6 8. exf6
exf6 9. c4 Qe7+ 10. Be2 Ba6 11. d3 Qe5 12. Ne4 b3 13. axb3 Bb4+ 14. Bd2 Nf4 15.
Nb6 Qxb2 16. Nd6+ Bxd6 17. Rd1 Ra7 18. Qg3 O-O 19. c5 Be5 20. Bxf4 Bc3+ 21. Kf1
Rb7 22. Bxb8 Rbxb8 23. Nxd7 Rbe8 24. Nxf8 Qxe2+ 25. Kg1 Qxd1# 0-1

[Event "Vai encarar? IV"]
[Site "http://www.queenalice.com/game.php?id=834867"]
[Date "2010.9.19"]
[Round "-"]
[White "toniteacher"]
[Black "harturm"]
[Result "0-1"]
[WhiteElo "1640"]
[BlackElo "1031"]

1. Nf3 Na6 2. Nc3 Nf6 3. e4 d5 4. d4 dxe4 5. Ne5 Be6 6. Bg5 h6 7. Bxf6 gxf6 8.
Bb5+ c6 9. Nxc6 bxc6 10. Bxc6+ Bd7 11. Bxa8 Qxa8 12. O-O f5 13. a4 h5 14. Qe2
Qc6 15. Rfb1 h4 16. b4 Rg8 17. b5 Qg6 18. bxa6 Qxg2# 0-1

[Event "Challenge"]
[Site "http://www.queenalice.com/game.php?id=835334"]
[Date "2010.9.20"]
[Round "-"]
[White "harturm"]
[Black "akiba_fall"]
[Result "0-1"]
[WhiteElo "1093"]
[BlackElo "1355"]

1. Nf3 d5 2. Nc3 c6 3. d4 e6 4. Ne5 f6 5. Ng4 f5 6. Ne3 Qa5 7. b3 Qxc3+ 8. Qd2
Qxa1 9. g3 Nf6 10. Qd3 Qxc1+ 11. Qd1 Bb4+ 0-1

[Event "Challenge"]
[Site "http://www.queenalice.com/game.php?id=835347"]
[Date "2010.9.20"]
[Round "-"]
[White "harturm"]
[Black "CHUVARJ"]
[Result "1-0"]
[WhiteElo "1090"]
[BlackElo "1170"]

1. Nc3 b6 2. Nf3 Nc6 3. e4 e6 4. g4 Nf6 5. g5 Nh5 6. e5 Na5 7. b3 g6 8. Ne4 Bb7
9. Nf6+ Nxf6 10. exf6 Nc6 11. d4 h6 12. gxh6 Rxh6 13. Bxh6 Bxh6 14. Ne5 Qxf6 15.
Qf3 Qe7 16. Nxf7 Kf8 17. Rg1 Nxd4 18. Qxb7 Nxc2+ 19. Kd1 Nxa1 20. Nxh6 Qd6+ 21.
Kc1 Qf4+ 22. Kb1 Qxf2 23. Rxg6 Qxf1+ 24. Kb2 Qd3 25. Qxa8+ Ke7 26. Rg7+ Kf6 27.
Qf8+ Ke5 28. Rg5+ Ke4 29. Rg4+ Ke3 30. Rg3+ Kd2 31. Rxd3+ Kxd3 32. Qf3+ Kd4 33.
Kxa1 a5 34. Qb7 b5 35. Qxb5 d6 36. Qxa5 c5 37. Nf7 c4 38. Nxd6 cxb3 39. axb3 e5
40. Qa4+ Kd5 41. Qb4 Ke6 42. h4 Kf6 43. h5 Kg7 44. Ne8+ Kh6 45. Qc5 Kxh5 46.
Qxe5+ Kg4 47. b4 Kh4 48. Nf6 Kh3 49. b5 Kg2 50. b6 Kf2 51. b7 Kf3 52. b8=Q Kf2
53. Qbb2+ Kf3 54. Qbe2# 1-0

[Event "Challenge"]
[Site "http://www.queenalice.com/game.php?id=838010"]
[Date "2010.9.25"]
[Round "-"]
[White "harturm"]
[Black "toniteacher"]
[Result "0-1"]
[WhiteElo "1028"]
[BlackElo "1675"]

1. Nf3 Nf6 2. Nc3 Nc6 3. h4 e5 4. Nxe5 Nxe5 5. d4 Nc4 6. Qd3 d5 7. b3 Nb6 8. b4
Bxb4 9. Qb5+ Bd7 10. Qxb4 a5 11. Qc5 Bc6 12. Nb5 Nfd7 13. Qc3 Bxb5 14. Qg3 Qf6
15. Bf4 O-O 16. Rb1 Bc4 17. Bxc7 Qxd4 18. Qd6 Bxa2 19. Rxb6 Qc3+ 20. Kd1 Nxb6
21. Bxb6 Rac8 22. Bc7 Rxc7 23. f4 Qxc2+ 24. Ke1 Rc6 25. Qe5 Bc4 26. Qa1 Re6 27.
Qd1 Qe4 28. Rh3 d4 29. Kf2 Qxf4+ 30. Rf3 Qxh4+ 31. g3 Qh2+ 32. Ke1 d3 33. Rf2
Qxg3 34. Qd2 Rfe8 0-1

[Event "Challenge"]
[Site "http://www.queenalice.com/game.php?id=839062"]
[Date "2010.9.28"]
[Round "-"]
[White "miltonferreira"]
[Black "harturm"]
[Result "1-0"]
[WhiteElo "1590"]
[BlackElo "1028"]

1. e4 Nc6 2. d4 g5 3. Bxg5 Bh6 4. Nf3 f6 5. Be3 e5 6. d5 Na5 7. Nh4 b5 8. Nf5
Bf4 9. Qh5+ Kf8 10. d6 cxd6 11. Nxd6 Bb7 12. Qf7# 1-0

[Event "Challenge"]
[Site "http://www.queenalice.com/game.php?id=843519"]
[Date "2010.10.9"]
[Round "-"]
[White "harturm"]
[Black "toniteacher"]
[Result "0-1"]
[WhiteElo "1085"]
[BlackElo "1658"]

1. e4 e5 2. Nf3 Bd6 3. c4 Nf6 4. Bd3 O-O 5. Nc3 c6 6. b4 b6 7. Na4 Bxb4 8. Nxe5
Bd6 9. Nf3 Re8 10. Nc3 Bb7 11. O-O Ng4 12. Qe1 c5 13. Nd5 Nc6 14. h3 Nge5 15.
Nxe5 Bxe5 16. Ba3 Bxa1 17. Qxa1 Ne5 18. Qc3 Nxd3 19. Qxd3 Bxd5 20. exd5 d6 21.
Bb2 Qh4 22. Qc3 f6 23. a4 Re4 24. Qg3 Rxc4 25. Qd3 Rxa4 26. g3 Qxh3 27. Re1 Qh5
28. Re4 Rxe4 29. Qxe4 Re8 30. g4 Rxe4 31. gxh5 a5 32. f3 Rh4 33. d4 Rxh5 34. f4
Rf5 0-1

[Event "Challenge"]
[Site "http://www.queenalice.com/game.php?id=844263"]
[Date "2010.10.11"]
[Round "-"]
[White "andrek"]
[Black "harturm"]
[Result "1-0"]
[WhiteElo "1561"]
[BlackElo "1085"]

1. e4 Nf6 2. e5 Nh5 3. Qxh5 g6 4. Qh4 Nc6 5. d4 d5 6. c3 e6 7. Bg5 Be7 8. Nf3 h6
9. Bxe7 Qxe7 10. Qxe7+ Kxe7 11. Nbd2 g5 12. h4 g4 13. Nh2 h5 14. Bd3 Na5 15. f3
gxf3 16. Nhxf3 Rg8 17. Ng5 f6 18. exf6+ Kxf6 19. O-O+ Ke7 20. Rf7+ Kd6 21. b4
Nc6 22. Nc4+ dxc4 23. Ne4+ Kd5 24. Nf6+ Kd6 25. Nxg8 Bd7 26. Bh7 e5 27. dxe5+
Nxe5 28. Rd1+ Ke6 29. Rf6# 1-0

[Event "Challenge"]
[Site "http://www.queenalice.com/game.php?id=844902"]
[Date "2010.10.12"]
[Round "-"]
[White "harturm"]
[Black "kisarsk"]
[Result "1-0"]
[WhiteElo "1085"]
[BlackElo "1596"]

1. e4 d5 2. exd5 Qxd5 3. Nc3 Qe5+ 4. Qe2 Qxe2+ 5. Bxe2 g6 6. f4 Bh6 7. d4 Bf5 8.
Bd3 Bd7 9. Nf3 Nc6 10. Be3 O-O-O 11. d5 Nb4 12. Kd2 Nf6 13. a3 Nbxd5 14. Bxa7
Bxf4+ 15. Kd1 Ne3+ 16. Kc1 Nxg2+ 17. Kb1 Bc6 18. Nd4 Be3 19. Nxc6 bxc6 20. Bxe3
Nxe3 21. Re1 Nfg4 22. h3 Ng2 23. Re2 N4e3 24. Be4 Rd1+ 25. Nxd1 Nxd1 26. Bxg2
Rd8 27. Bxc6 e6 28. Re5 Rd6 29. Rc5 Kd8 30. a4 Ne3 31. a5 Ke7 32. a6 Nd5 33. a7
Nb6 34. a8=Q Nxa8 35. Bxa8 Rd1+ 36. Ka2 Rd8 37. Rxc7+ Kd6 38. Ra7 f5 39. Rd1+
1-0

[Event "AUTO-BEG-432"]
[Site "http://www.queenalice.com/game.php?id=847548"]
[Date "2010.10.18"]
[Round "1"]
[White "harturm"]
[Black "rayan10"]
[Result "0-1"]
[WhiteElo "1090"]
[BlackElo "1798"]

1. e4 e5 2. Nf3 Nf6 3. Nc3 Bb4 4. Nxe5 Bxc3 5. dxc3 Qe7 6. Qd4 d6 7. Nc4 Qxe4+
8. Be3 Nc6 9. f3 Nxd4 10. fxe4 Nxc2+ 11. Kd1 Nxa1 12. e5 dxe5 13. Nxe5 Bf5 14.
Bb5+ Nd7 15. Bxd7+ Bxd7 16. Rf1 O-O-O 17. Rxf7 Be6+ 18. Kc1 Bxf7 19. Nxf7 Rhe8
20. Kb1 Rxe3 21. a3 Rd1+ 22. Ka2 Re2 23. Ng5 Rxg2 24. Nxh7 Rxh2 25. Nf8 g5 26.
Ne6 Rdd2 27. Nxg5 Rxb2+ 28. Kxa1 Rbg2 29. Nf3 Rh1+ 0-1

[Event "AUTO-BEG-432"]
[Site "http://www.queenalice.com/game.php?id=847549"]
[Date "2010.10.18"]
[Round "1"]
[White "rayan10"]
[Black "harturm"]
[Result "1-0"]
[WhiteElo "1800"]
[BlackElo "1110"]

1. e4 e5 2. Nf3 Qe7 3. Nc3 g5 4. h3 Nf6 5. Nxg5 c5 6. Bc4 Rg8 7. d3 h6 8. Bxf7+
Kd8 9. Bxg8 Nxg8 10. Nf3 Qg7 11. g3 Nc6 12. Bd2 Nd4 13. Nd5 Qf7 14. Nxd4 cxd4
15. Qe2 a5 16. c3 dxc3 17. Bxc3 Bd6 18. Nb6 Ra6 19. Nxc8 Kxc8 20. Rc1 Rc6 21.
Qd2 Qxa2 22. O-O b5 23. Ra1 Qf7 24. Rxa5 Kb7 25. Rfa1 Bc5 26. d4 exd4 27. Bxd4
Nf6 28. Rxb5+ Bb6 29. Rxb6+ Rxb6 30. Bxb6 Kxb6 31. Qb4+ Kc7 32. Qc5+ Kd8 33.
Ra8# 1-0

[Event "AUTO-BEG-432"]
[Site "http://www.queenalice.com/game.php?id=847550"]
[Date "2010.10.18"]
[Round "1"]
[White "harturm"]
[Black "Damo"]
[Result "1-0"]
[WhiteElo "1110"]
[BlackElo "1132"]

1. Nf3 h5 2. e4 Rh6 3. e5 Na6 4. d4 d6 5. Bxh6 Nxh6 6. Qd2 Bf5 7. Qc3 f6 8. Qb3
dxe5 9. dxe5 fxe5 10. Nxe5 Qd6 11. f4 O-O-O 12. Be2 Ng4 13. Nf7 Qd2+ 14. Nxd2
Nc5 15. Qa3 Ne4 16. Qxa7 Rxd2 17. Qa8+ Kd7 18. Qd8+ Kc6 19. Qxf8 Ne3 20. Qxe7
Nxg2+ 21. Kf1 Nxf4 22. Qe5 Bh3+ 23. Ke1 Rxe2+ 24. Kd1 Nf2+ 25. Kc1 Rxe5 26.
Nxe5+ Kd5 27. Nd3 N4xd3+ 28. cxd3 Nxh1 29. Kd2 Nf2 30. Rc1 c5 31. Ke2 Ng4 32.
Kf3 Ne5+ 33. Kg3 Bf5 34. Kh4 Nxd3 35. Rc3 b5 36. Kxh5 Nxb2 37. Kg5 Bd3 38. Rb3
Na4 39. Rxd3+ Kc6 40. h4 c4 41. Rd1 c3 42. Kg6 c2 43. Rc1 1-0

[Event "AUTO-BEG-432"]
[Site "http://www.queenalice.com/game.php?id=847551"]
[Date "2010.10.18"]
[Round "1"]
[White "Damo"]
[Black "harturm"]
[Result "1-0"]
[WhiteElo "1145"]
[BlackElo "1107"]

1. g3 d5 2. Bh3 Be6 3. c3 Qd7 4. Na3 c5 5. d4 c4 6. e4 dxe4 7. Bg2 Bg4 8. f3 Bf5
9. fxe4 Bg4 10. Bf3 h5 11. Nxc4 Nf6 12. e5 b5 13. Na5 Nd5 14. h3 Nc6 15. b4 Qf5
16. hxg4 hxg4 17. Bxd5 Rxh1 18. Bxh1 Qh5 19. Bxc6+ Kd8 20. Qd3 Qh1 21. Bxh1 e6
22. Qxb5 Rc8 23. Qb7 Rxc3 24. Nc6+ Ke8 25. Qc8# 1-0

[Event "AUTO-BEG-432"]
[Site "http://www.queenalice.com/game.php?id=847552"]
[Date "2010.10.18"]
[Round "1"]
[White "harturm"]
[Black "ZKTI"]
[Result "1-0"]
[WhiteElo "1097"]
[BlackElo "899"]

1. e4 Nc6 2. c4 e5 3. c5 Bxc5 4. Nc3 Qf6 5. Nh3 d6 6. f3 Be6 7. Nb5 Bb6 8. g4 a6
9. Nxc7+ Bxc7 10. g5 Qe7 11. Qe2 Bxh3 12. Bxh3 Qxg5 13. Rg1 Qh4+ 14. Rg3 Nge7
15. Kf1 Nd4 16. Rg4 Qxh3+ 17. Qg2 Qh6 18. Rxg7 O-O-O 19. Rxf7 Rhg8 20. d3 Qh5
21. Qf2 Qxf7 22. a4 1-0

[Event "AUTO-BEG-432"]
[Site "http://www.queenalice.com/game.php?id=847553"]
[Date "2010.10.18"]
[Round "1"]
[White "ZKTI"]
[Black "harturm"]
[Result "0-1"]
[WhiteElo "930"]
[BlackElo "1085"]

1. e4 e5 2. Nf3 Bd6 3. Nc3 g5 4. h3 c5 5. Nd5 Nf6 6. d3 g4 7. hxg4 Nxg4 8. Be3
a5 9. Ng5 h6 10. Qxg4 hxg5 11. Qf3 Rxh1 12. Nf6+ Ke7 13. Nd5+ Kf8 14. g3 Rg1 15.
Nf6 c4 16. dxc4 Na6 17. Qh5 Qxf6 18. O-O-O Nb4 19. f3 g4 0-1

[Event "revanche"]
[Site "http://www.queenalice.com/game.php?id=851360"]
[Date "2010.10.27"]
[Round "-"]
[White "harturm"]
[Black "Aracy"]
[Result "0-1"]
[WhiteElo "1110"]
[BlackElo "1685"]

1. e4 e5 2. Nf3 d6 3. c4 Nf6 4. Nc3 Nc6 5. Nd5 Na5 6. b4 Nc6 7. b5 Nd4 8. Bb2
Nxf3+ 9. gxf3 b6 10. h4 Be6 11. h5 g6 12. hxg6 fxg6 13. Bh3 Bxh3 14. Rxh3 h5 15.
Rg3 Rg8 16. Ba3 a6 17. bxa6 Rxa6 18. Qb3 Nd7 19. Rb1 c6 20. Nb4 Nc5 21. Qb2 Ra8
22. Nxc6 Qc7 23. Qb5 Rxa3 24. Nxe5+ Kd8 25. Nxg6 Rxa2 26. Rg5 Ra5 27. Qxb6 Nd3+
28. Ke2 Rxg5 29. Qb8+ Qc8 30. Nh4 Nc5 31. f4 Na6 32. Qb6+ Nc7 33. fxg5 Qg4+ 34.
f3 Qxh4 35. Qb8+ Kd7 36. Rb7 Qh2+ 37. Kd3 d5 38. cxd5 h4 39. d6 Qxd6+ 40. Ke3 h3
41. g6 Bh6+ 42. Ke2 Qxd2+ 43. Kf1 Rxb8 44. Rxb8 h2 0-1

[Event "Quitéria"]
[Site "http://www.queenalice.com/game.php?id=855744"]
[Date "2010.11.6"]
[Round "-"]
[White "harturm"]
[Black "toniteacher"]
[Result "0-1"]
[WhiteElo "1127"]
[BlackElo "1762"]

1. e4 e5 2. b4 Nf6 3. Nc3 Bxb4 4. Nf3 Nc6 5. Nd5 Nxd5 6. Rb1 Nc3 7. dxc3 Bxc3+
8. Bd2 Bxd2+ 9. Nxd2 O-O 10. c4 d6 11. Rb3 Nd4 12. Rg3 f5 13. exf5 Bxf5 14. Qb1
Bxb1 15. Nxb1 Qh4 16. Nd2 Nc2+ 17. Kd1 Rxf2 18. Kxc2 Qe4+ 19. Kb3 Rxd2 20. h4
Qc2+ 21. Kb4 c5+ 22. Kb5 Qxa2 23. h5 Qa6# 0-1

[Event "Challenge"]
[Site "http://www.queenalice.com/game.php?id=861774"]
[Date "2010.11.21"]
[Round "-"]
[White "SunKite"]
[Black "harturm"]
[Result "0-1"]
[WhiteElo "1468"]
[BlackElo "1168"]

1. e3 e5 2. c3 e4 3. Qb3 Nh6 4. Be2 Qf6 5. Na3 Qg5 6. Nb5 Qxg2 7. Nxc7+ Ke7 8.
Nxa8 Qxh1 9. Kf1 Ke8 10. Nc7+ Kd8 11. Qc4 Bd6 12. Nd5 Bxh2 13. Ke1 Qxg1+ 14. Bf1
Nc6 15. Nf4 Ng4 16. Nh3 Qh1 17. Qxf7 Nce5 18. Qh5 Nd3+ 19. Ke2 Nge5 20. Ng5 Rf8
21. Qh4 Rxf2+ 22. Qxf2 Nxf2 23. Kxf2 Nd3+ 24. Bxd3 Qg1+ 25. Ke2 exd3+ 26. Kxd3
Qxg5 27. b4 d5 28. Ba3 Bf5+ 29. Kd4 Bg6 30. Rh1 Qg4+ 31. Kxd5 Qg2+ 32. Kd4 Qxh1
33. Kc4 Bf7+ 34. Kd3 Bxa2 35. b5 Qd5+ 36. Kc2 Qb3+ 37. Kd3 Qxa3 38. Ke4 Qb2 39.
Kd3 Qxb5+ 40. c4 Bb1+ 41. Ke2 Qxc4+ 42. d3 Qxd3+ 43. Kf3 Qe4+ 44. Ke2 Bg1 45.
Kf1 Qxe3 46. Kg2 Qf2+ 47. Kh3 Bf5# 0-1

[Event "Challenge"]
[Site "http://www.queenalice.com/game.php?id=862613"]
[Date "2010.11.22"]
[Round "-"]
[White "Marcos_197"]
[Black "harturm"]
[Result "1-0"]
[WhiteElo "1616"]
[BlackElo "1196"]

1. e4 e5 2. Nf3 Nc6 3. Bc4 Nf6 4. d3 Bc5 5. O-O a6 6. h3 b5 7. Bb3 Nd4 8. Nxd4
Bxd4 9. c3 Bc5 10. d4 exd4 11. cxd4 Bb4 12. e5 Ne4 13. Bd5 c6 14. Bxe4 O-O 15.
a3 d5 16. Bc2 f6 17. axb4 fxe5 18. dxe5 Ra7 19. Qh5 Raf7 20. Qxh7# 1-0

[Event "Challenge"]
[Site "http://www.queenalice.com/game.php?id=862614"]
[Date "2010.11.22"]
[Round "-"]
[White "Marcos_197"]
[Black "harturm"]
[Result "1-0"]
[WhiteElo "1616"]
[BlackElo "1196"]

1. e4 e5 2. Nf3 Nf6 3. Nc3 Bd6 4. Bc4 b6 5. Ng5 Ba6 6. Nxf7 Qe7 7. Nxh8 Bxc4 8.
d3 Qf8 9. dxc4 Qxh8 10. Nd5 Nxe4 11. Nxc7+ Kd8 12. Nxa8 Qf8 13. O-O Bc5 14. Be3
Nc6 15. Bxc5 bxc5 16. Qd5 Nd2 17. Rfd1 Nxc4 18. Qxd7# 1-0

[Event "Challenge"]
[Site "http://www.queenalice.com/game.php?id=872919"]
[Date "2010.12.17"]
[Round "-"]
[White "dmdoido"]
[Black "harturm"]
[Result "1-0"]
[WhiteElo "1007"]
[BlackElo "1196"]

1. e4 e5 2. d4 exd4 3. Qxd4 Nc6 4. Qc4 g5 5. Nh3 h6 6. Be2 Ne5 7. Qd4 Qf6 8. f3
h5 9. Nc3 g4 10. Nf4 gxf3 11. Nfd5 Kd8 12. Nxf6 Nxf6 13. Qxe5 Bg7 14. Bg5 b6 15.
Bxf6+ Bxf6 16. Qxf6+ Ke8 17. Qxh8+ Ke7 18. Nd5+ Ke6 19. Nf4+ 1-0